<?xml version="1.0" encoding="UTF-8"?>
<record
    xmlns:xsi="http://www.w3.org/2001/XMLSchema-instance"
    xsi:schemaLocation="http://www.loc.gov/MARC21/slim http://www.loc.gov/standards/marcxml/schema/MARC21slim.xsd"
    xmlns="http://www.loc.gov/MARC21/slim">

  <leader>01323nam a22002777a 4500</leader>
  <datafield tag="999" ind1=" " ind2=" ">
    <subfield code="c">119855</subfield>
    <subfield code="d">119855</subfield>
  </datafield>
  <controlfield tag="003">dpl</controlfield>
  <controlfield tag="005">20190128112545.0</controlfield>
  <controlfield tag="008">170204b        xxu||||| |||| 00| 0 eng d</controlfield>
  <datafield tag="010" ind1=" " ind2=" ">
    <subfield code="a">B-088856,B-088861</subfield>
  </datafield>
  <datafield tag="020" ind1=" " ind2=" ">
    <subfield code="c">00.00</subfield>
    <subfield code="a">8185979138</subfield>
  </datafield>
  <datafield tag="035" ind1=" " ind2=" ">
    <subfield code="a">B-088856,B-088861, B-088864</subfield>
  </datafield>
  <datafield tag="037" ind1=" " ind2=" ">
    <subfield code="b">Cen Lib/Ret</subfield>
  </datafield>
  <datafield tag="040" ind1=" " ind2=" ">
    <subfield code="a">DPL</subfield>
    <subfield code="b">HN</subfield>
    <subfield code="c">DPL</subfield>
  </datafield>
  <datafield tag="082" ind1=" " ind2=" ">
    <subfield code="a">821</subfield>
    <subfield code="b">&#x915;&#x943;&#x937;&#x94D;&#x923;&#x93E;&#x905;</subfield>
  </datafield>
  <datafield tag="100" ind1=" " ind2=" ">
    <subfield code="a">&#x915;&#x943;&#x937;&#x94D;&#x923;&#x93E; &#x905;&#x928;&#x941;&#x930;&#x93E;&#x927;&#x93E; </subfield>
    <subfield code="9">87203</subfield>
  </datafield>
  <datafield tag="245" ind1=" " ind2=" ">
    <subfield code="a">&#x905;&#x930;&#x94D;&#x91A;&#x928;-&#x926;&#x940;&#x92A; :</subfield>
    <subfield code="c">&#x915;&#x943;&#x937;&#x94D;&#x923;&#x93E; &#x905;&#x928;&#x941;&#x930;&#x93E;&#x927;&#x93E; </subfield>
    <subfield code="b">&#x907;&#x902;&#x917;&#x94D;&#x932;&#x948;&#x902;&#x921; &#x92E;&#x947;&#x902; &#x92A;&#x94D;&#x930;&#x935;&#x93E;&#x938;&#x940; &#x92D;&#x93E;&#x930;&#x924;&#x940;&#x92F; &#x915;&#x935;&#x92F;&#x93F;&#x924;&#x94D;&#x930;&#x940; &#x915;&#x93E; &#x92A;&#x94D;&#x930;&#x925;&#x92E; &#x917;&#x940;&#x924;-&#x938;&#x902;&#x917;&#x94D;&#x930;&#x939; /</subfield>
  </datafield>
  <datafield tag="246" ind1=" " ind2=" ">
    <subfield code="a">Archan-deep : England me pravasi bharteey kavyitri ka pratham geet-sangreh /</subfield>
    <subfield code="b">by Krishna Anuradha</subfield>
  </datafield>
  <datafield tag="260" ind1=" " ind2=" ">
    <subfield code="a">&#x926;&#x93F;&#x932;&#x94D;&#x932;&#x940; </subfield>
    <subfield code="b">&#x928;&#x91F;&#x930;&#x93E;&#x91C; &#x92A;&#x94D;&#x930;&#x915;&#x93E;&#x936;&#x928; </subfield>
    <subfield code="c">1995</subfield>
  </datafield>
  <datafield tag="270" ind1=" " ind2=" ">
    <subfield code="a">&#x90F;-98, &#x905;&#x936;&#x94B;&#x915; &#x935;&#x93F;&#x939;&#x93E;&#x930;, &#x92B;&#x947;&#x91C; &#x92A;&#x94D;&#x930;&#x925;&#x92E; </subfield>
    <subfield code="b">&#x926;&#x93F;&#x932;&#x94D;&#x932;&#x940; </subfield>
    <subfield code="e">110052</subfield>
  </datafield>
  <datafield tag="300" ind1=" " ind2=" ">
    <subfield code="a">79&#x92A;&#x943;. </subfield>
    <subfield code="c">21&#x938;&#x947;&#x92E;&#x940;(&#x938;&#x91C;&#x93F;&#x932;&#x94D;&#x926;)</subfield>
  </datafield>
  <datafield tag="650" ind1=" " ind2=" ">
    <subfield code="a">&#x939;&#x93F;&#x928;&#x94D;&#x926;&#x940; -- &#x938;&#x93E;&#x939;&#x93F;&#x924;&#x94D;&#x92F; </subfield>
    <subfield code="9">87204</subfield>
  </datafield>
  <datafield tag="650" ind1=" " ind2=" ">
    <subfield code="a">&#x939;&#x93F;&#x928;&#x94D;&#x926;&#x940; -- &#x915;&#x93E;&#x935;&#x94D;&#x92F; </subfield>
    <subfield code="9">779</subfield>
  </datafield>
  <datafield tag="650" ind1=" " ind2=" ">
    <subfield code="a">Hindi literature</subfield>
    <subfield code="9">87205</subfield>
  </datafield>
  <datafield tag="650" ind1=" " ind2=" ">
    <subfield code="a">Hindi - Poetry</subfield>
    <subfield code="9">87206</subfield>
  </datafield>
  <datafield tag="942" ind1=" " ind2=" ">
    <subfield code="2">ddc</subfield>
    <subfield code="c">HN</subfield>
    <subfield code="h">821</subfield>
    <subfield code="m">&#x915;&#x943;&#x937;&#x94D;&#x923;&#x93E;&#x905;</subfield>
  </datafield>
  <datafield tag="952" ind1=" " ind2=" ">
    <subfield code="0">0</subfield>
    <subfield code="1">0</subfield>
    <subfield code="4">0</subfield>
    <subfield code="7">0</subfield>
    <subfield code="a">L</subfield>
    <subfield code="b">L</subfield>
    <subfield code="d">2015-09-19</subfield>
    <subfield code="e">Cen Lib/Ret</subfield>
    <subfield code="g">0.00</subfield>
    <subfield code="l">0</subfield>
    <subfield code="o">821 &#x915;&#x943;&#x937;&#x94D;&#x923;&#x93E;&#x905;</subfield>
    <subfield code="p">B-088856</subfield>
    <subfield code="r">2015-09-19 00:00:00</subfield>
    <subfield code="t">1</subfield>
    <subfield code="v">0.00</subfield>
    <subfield code="w">2015-09-19</subfield>
    <subfield code="y">HN</subfield>
  </datafield>
  <datafield tag="952" ind1=" " ind2=" ">
    <subfield code="0">0</subfield>
    <subfield code="1">0</subfield>
    <subfield code="2">ddc</subfield>
    <subfield code="4">0</subfield>
    <subfield code="7">-1</subfield>
    <subfield code="8">NFIC</subfield>
    <subfield code="a">ZLS</subfield>
    <subfield code="b">ZLS</subfield>
    <subfield code="c">DISPLAY</subfield>
    <subfield code="d">2017-02-01</subfield>
    <subfield code="e">DPL</subfield>
    <subfield code="l">0</subfield>
    <subfield code="o">821 &#x915;&#x943;&#x937;&#x94D;&#x923;&#x93E;&#x905;</subfield>
    <subfield code="p">B-088861</subfield>
    <subfield code="r">2017-02-01 00:00:00</subfield>
    <subfield code="t">1</subfield>
    <subfield code="w">2017-02-01</subfield>
    <subfield code="y">HN</subfield>
  </datafield>
  <datafield tag="952" ind1=" " ind2=" ">
    <subfield code="0">0</subfield>
    <subfield code="1">0</subfield>
    <subfield code="2">ddc</subfield>
    <subfield code="4">0</subfield>
    <subfield code="7">0</subfield>
    <subfield code="8">NFIC</subfield>
    <subfield code="a">BL4</subfield>
    <subfield code="b">BL4</subfield>
    <subfield code="d">2019-01-28</subfield>
    <subfield code="e">BPPD/PUB</subfield>
    <subfield code="g">0.00</subfield>
    <subfield code="l">0</subfield>
    <subfield code="o">821 &#x915;&#x943;&#x937;&#x94D;&#x923;&#x93E;&#x905;</subfield>
    <subfield code="p">B-088864</subfield>
    <subfield code="r">2019-01-28 00:00:00</subfield>
    <subfield code="v">0.00</subfield>
    <subfield code="w">2019-01-28</subfield>
    <subfield code="y">HN</subfield>
  </datafield>
</record>
